<?xml version="1.0" encoding="UTF-8"?>
<record
    xmlns:xsi="http://www.w3.org/2001/XMLSchema-instance"
    xsi:schemaLocation="http://www.loc.gov/MARC21/slim http://www.loc.gov/standards/marcxml/schema/MARC21slim.xsd"
    xmlns="http://www.loc.gov/MARC21/slim">

  <leader>01795nam a22002417a 4500</leader>
  <controlfield tag="005">20240801100234.0</controlfield>
  <controlfield tag="008">240730b           ||||| |||| 00| 0 eng d</controlfield>
  <datafield tag="020" ind1=" " ind2=" ">
    <subfield code="a">9788119153718</subfield>
  </datafield>
  <datafield tag="040" ind1=" " ind2=" ">
    <subfield code="c">AL</subfield>
  </datafield>
  <datafield tag="041" ind1=" " ind2=" ">
    <subfield code="a">English</subfield>
  </datafield>
  <datafield tag="082" ind1=" " ind2=" ">
    <subfield code="2">23</subfield>
    <subfield code="a">153.6</subfield>
    <subfield code="b">LASW</subfield>
  </datafield>
  <datafield tag="100" ind1=" " ind2=" ">
    <subfield code="a">Judith Hanson Lasater and others</subfield>
    <subfield code="9">174634</subfield>
  </datafield>
  <datafield tag="245" ind1=" " ind2=" ">
    <subfield code="a">What We Say Matters: Practicing Nonviolent Communication</subfield>
  </datafield>
  <datafield tag="260" ind1=" " ind2=" ">
    <subfield code="a">Ahmedabad</subfield>
    <subfield code="b">Jaico Publishing House</subfield>
    <subfield code="c">2024</subfield>
  </datafield>
  <datafield tag="300" ind1=" " ind2=" ">
    <subfield code="a">xviii,158 p.</subfield>
    <subfield code="b">PB</subfield>
    <subfield code="c">21.5x14 cm.</subfield>
  </datafield>
  <datafield tag="365" ind1=" " ind2=" ">
    <subfield code="a">2488</subfield>
    <subfield code="b">&#x20B9;260.00</subfield>
    <subfield code="c">&#x20B9;</subfield>
    <subfield code="d">&#x20B9;325.00</subfield>
    <subfield code="e">20%</subfield>
    <subfield code="f">17-07-2024</subfield>
  </datafield>
  <datafield tag="520" ind1=" " ind2=" ">
    <subfield code="a">Larn how to communicate with compassion and choose language that reflects your personal values and aims with this essential guide to Nonviolent Communication (NVC). Judith Hanson Lasater and Ike Lasater, longtime students of yoga and Buddhism, had studied the concepts of satya (truth) and the Buddhist principle of right speech for years, but it was not until they began practicing Marshall Rosenberg&#x2019;s techniques of NVC that the concept of speech as a spiritual practice became real for them.
Here the authors describe their personal journey through NVC and reveal how speech becomes a spiritual practice when you give and receive with compassion all the time&#x2014;at home, at work, and in the world. They introduce the basics of NVC with clear explanations, personal examples, exercises, and resources. Some of the skills you&#x2019;ll learn include how to:
Extend empathy to yourself and others
Distinguish between feelings and needs
Make requests rather than demands
Choose connection over conflict
Create mutually satisfying outcomes
And much more</subfield>
  </datafield>
  <datafield tag="650" ind1=" " ind2=" ">
    <subfield code="a">Communication</subfield>
    <subfield code="9">174571</subfield>
  </datafield>
  <datafield tag="650" ind1=" " ind2=" ">
    <subfield code="a">Self Help</subfield>
    <subfield code="9">174635</subfield>
  </datafield>
  <datafield tag="700" ind1=" " ind2=" ">
    <subfield code="a">LASATER (Judith Hanson)</subfield>
    <subfield code="9">174572</subfield>
  </datafield>
  <datafield tag="700" ind1=" " ind2=" ">
    <subfield code="a">LASATER (IKEK)</subfield>
    <subfield code="9">174573</subfield>
  </datafield>
  <datafield tag="942" ind1=" " ind2=" ">
    <subfield code="2">ddc</subfield>
    <subfield code="c">BK</subfield>
  </datafield>
  <datafield tag="999" ind1=" " ind2=" ">
    <subfield code="c">231540</subfield>
    <subfield code="d">231540</subfield>
  </datafield>
  <datafield tag="952" ind1=" " ind2=" ">
    <subfield code="0">0</subfield>
    <subfield code="1">0</subfield>
    <subfield code="2">ddc</subfield>
    <subfield code="4">0</subfield>
    <subfield code="7">0</subfield>
    <subfield code="8">PSY</subfield>
    <subfield code="a">AL</subfield>
    <subfield code="b">AL</subfield>
    <subfield code="d">2024-07-22</subfield>
    <subfield code="e">Biblios Book Point Surathkal Mangalore 575014</subfield>
    <subfield code="g">260.00</subfield>
    <subfield code="l">1</subfield>
    <subfield code="o">153.6 LASW</subfield>
    <subfield code="p">077255</subfield>
    <subfield code="r">2025-02-04 00:00:00</subfield>
    <subfield code="s">2025-01-25</subfield>
    <subfield code="v">325.00</subfield>
    <subfield code="w">2024-07-30</subfield>
    <subfield code="y">BK</subfield>
  </datafield>
</record>
